000 01137nam a22002775i 4500
001 157480
003 ES-MaACL
005 20250721193131.0
008 021022s1878 it |||| | ita d
040 _aCCPB | B
_bspa
_cCCPB | B
100 1 _aLeidesdorf, Massimiliano.
_9128858
245 1 0 _aTrattato delle malattie mentali /
_cdel dott. Massimiliano Leidesdorf ; tradusse liberamente dal tedesco ... il dott. Francesco barone Ungern Sternberg.
250 _aEd. originale italiana ... / dal dott. Maurizio Schiff.
260 _aRoma [etc.] :
_bErmanno Loescher,
_c1878 (
_eTorino :
_fTip. V. Bona)
300 _aVI, [2], 712 p. ;
_c20 cm.
490 1 _aBiblioteca dello studente e del medico pratico ;
_v12
650 7 _aEnfermedades mentales
_2embne
_912263
700 1 1 _aSchiff, Maurizio,
_eed. lit.
_9132545
700 2 1 _aUngern Sternberg, Frank
_c, Barón,
_etrad.
_9133448
752 _aItalia -
_dRoma
752 _aItalia -
_dTurín
830 0 _aBiblioteca dello studente e del medico pratico ;
_v12
_9221792
852 _aES-MaACL
_jF-12510
_z-- Enc. pasta
999 _c157480
_d157480